Parliamentary Memorandum By The Minister For Finance On The Request For Waiver Of Import Duties, Import Getfund Levy, Import Nhil, Import Vat And Exim Levy For Four (4) Companies Under The One Districty One Factory 2021 (Record no. 2778)
[ view plain ]
| 000 -LEADER | |
|---|---|
| fixed length control field | 00763nam a2200169Ia 4500 |
| 003 - CONTROL NUMBER IDENTIFIER | |
| control field | OSt |
| 005 - DATE AND TIME OF LATEST TRANSACTION | |
| control field | 20250714143549.0 |
| 008 - FIXED-LENGTH DATA ELEMENTS--GENERAL INFORMATION | |
| fixed length control field | 240429s9999||||xx |||||||||||||| ||und|| |
| 041 ## - LANGUAGE CODE | |
| Language code of text/sound track or separate title | eng |
| 082 ## - DEWEY DECIMAL CLASSIFICATION NUMBER | |
| Classification number | RW/1D1F/21 |
| 100 ## - MAIN ENTRY--PERSONAL NAME | |
| Personal name | Parliament of Ghana |
| 245 #0 - TITLE STATEMENT | |
| Title | Parliamentary Memorandum By The Minister For Finance On The Request For Waiver Of Import Duties, Import Getfund Levy, Import Nhil, Import Vat And Exim Levy For Four (4) Companies Under The One Districty One Factory 2021 |
| 300 ## - PHYSICAL DESCRIPTION | |
| Extent | 58p:tabs |
| 650 ## - SUBJECT ADDED ENTRY--TOPICAL TERM | |
| Topical term or geographic name entry element | Parliamentary Memorandum By The Minister For Finance On The Request For Waiver Of Import Duties, Imp - Getfund Levy, Import Nhil, Import Vat And Exim Levy For Four (4) Companies Under The One Districty O |
| 942 ## - ADDED ENTRY ELEMENTS (KOHA) | |
| Koha item type | Annual Report |
| Source of classification or shelving scheme | Dewey Decimal Classification |
| Suppress in OPAC | No |
| Withdrawn status | Lost status | Source of classification or shelving scheme | Damaged status | Not for loan | Home library | Current library | Shelving location | Date acquired | Total checkouts | Full call number | Date last seen | Copy number | Price effective from | Koha item type |
|---|---|---|---|---|---|---|---|---|---|---|---|---|---|---|
| Dewey Decimal Classification | Main Library | Main Library | Open Shelves | 03/03/2023 | Acc. No. 5238 PM/1D1F/21 | 29/04/2024 | 1 | 29/04/2024 | Annual Report | |||||
| Dewey Decimal Classification | Main Library | Main Library | Open Shelves | 14/07/2025 | Acc. No. 5239 PM/1D1F/21 | 14/07/2025 | 2 | 14/07/2025 | Annual Report | |||||
| Dewey Decimal Classification | Main Library | Main Library | Open Shelves | 14/07/2025 | Acc. No. 5240 PM/1D1F/21 | 14/07/2025 | 3 | 14/07/2025 | Annual Report | |||||
| Dewey Decimal Classification | Main Library | Main Library | Open Shelves | 14/07/2025 | Acc. No. 5240 PM/1D1F/21 | 14/07/2025 | 4 | 14/07/2025 | Annual Report |